000 004640000a22001690004500
003 MACL
005 20160105162001.0
008 160105b xxu||||| |||| 00| 0 eng d
040 _aMACL
_cMACL
041 _aEnglish
082 _a824.82/SUL
100 _aCarlyle, Thomas
_927874
245 _aSartor Resartus
_bThe life & Opinions of Herr Ieufelsdrockh
260 _bGeorge Bell and Sons
_c1900
_aLondon
650 _aLetters
_928235
942 _cBK
_k824.82/SUL
_2ddc
999 _c37746
_d37746